|
|
|
|
| LEADER |
00000nas a2200000 a 4500 |
| 001 |
ssj0002419 |
| 003 |
WaSeSS |
| 005 |
20200512172242.0 |
| 006 |
m d |
| 007 |
cr n |
| 008 |
980213c19739999enkqr pss r 0 a0eng c |
| 010 |
|
|
|a 2007215271
|
| 015 |
|
|
|a GBB604914
|2 bnb
|
| 016 |
7 |
|
|a 2067365-6
|2 DE-600
|
| 016 |
7 |
|
|a 017650886
|2 Uk
|
| 022 |
|
|
|a 1940-1590
|l 0092-7678
|y 0092-7678
|
| 035 |
|
|
|a (WaSeSS)ssj0002419
|
| 040 |
|
|
|a FGA
|b eng
|e pn
|c FGA
|d OCL
|d OCLCQ
|d BUF
|d UV0
|d NSD
|d AU@
|d WQM
|d EYM
|d HUL
|d OCLCQ
|d Z5A
|d OCLCE
|d OCL
|d OCLCQ
|d OCLCA
|d COO
|d OCLCO
|d OCLCQ
|d OCLCF
|d OCLCO
|d OCLCQ
|d DOS
|d OCLCO
|d DEBBG
|d DLC
|d OCLCQ
|d NLE
|d VT2
|d NTG
|d UKMGB
|d WaSeSS
|
| 042 |
|
|
|a pcc
|a nsdp
|
| 043 |
|
|
|a a------
|a n-us---
|
| 050 |
0 |
0 |
|a DS33.4.U6
|
| 082 |
0 |
0 |
|a 327.5/073
|
| 222 |
|
0 |
|a Asian affairs
|b (New York, N.Y. Online)
|
| 245 |
0 |
0 |
|a Asian affairs
|h [electronic resource] :
|b an American review.
|
| 260 |
|
|
|a New York, N.Y. :
|b Crane, Russak & Co. on behalf of American-Asian Educational Exchange,
|c 1973-
|
| 260 |
3 |
|
|3 <2016-> :
|a [Abingdon, UK] :
|b Taylor & Francis
|
| 310 |
|
|
|a Quarterly,
|b 1983-
|
| 321 |
|
|
|a Bimonthly,
|b 1973-1982
|
| 362 |
0 |
|
|a Vol. 1, issue 1 (1973)-
|
| 500 |
|
|
|a Title from title page (JSTOR, viewed Oct. 7, 2009).
|
| 500 |
|
|
|a Published by: American-Asian Educational Exchange, Inc., Sept./Oct. 1974-July/Aug. 1979; published: Washington D.C. : Heldref Publications, Sept./Oct. 1979-
|
| 506 |
|
|
|a License restrictions may limit access.
|
| 588 |
|
|
|a Latest issue consulted: Vol. 44, issue 1 (2017) (Taylor & Francis Online, viewed Apr. 28, 2017).
|
| 650 |
|
7 |
|a Diplomatic relations.
|2 fast
|0 (OCoLC)fst01907412
|
| 650 |
1 |
7 |
|a FOREIGN RELATIONS.
|2 unbist
|
| 650 |
1 |
7 |
|a ASIA.
|2 unbist
|
| 650 |
1 |
7 |
|a UNITED STATES.
|2 unbist
|
| 651 |
|
0 |
|a Asia
|x Foreign relations
|z United States
|v Periodicals.
|
| 651 |
|
0 |
|a United States
|x Foreign relations
|z Asia
|v Periodicals.
|
| 651 |
|
0 |
|a Asia
|v Periodicals.
|
| 651 |
|
6 |
|a Asie
|x Relations extérieures
|z États-Unis
|v Périodiques.
|
| 651 |
|
6 |
|a États-Unis
|x Relations extérieures
|z Asie
|v Périodiques.
|
| 651 |
|
6 |
|a Asie
|v Périodiques.
|
| 651 |
|
7 |
|a Asia.
|2 fast
|0 (OCoLC)fst01240495
|
| 651 |
|
7 |
|a United States.
|2 fast
|0 (OCoLC)fst01204155
|
| 653 |
|
0 |
|a Political science
|
| 653 |
|
0 |
|a Regional focus/area studies
|
| 655 |
|
0 |
|a Electronic journals.
|
| 710 |
2 |
|
|a American-Asian Educational Exchange (1967- )
|
| 776 |
0 |
8 |
|i Print version:
|t Asian affairs (New York, N.Y.)
|x 0092-7678
|w (DLC) 74640784
|w (OCoLC)1791495
|
| 780 |
0 |
0 |
|t Southeast Asian Perspectives (Online)
|w (DLC) 2009235697
|w (OCoLC)61283852
|
| 850 |
|
|
|a DLC
|
| 856 |
4 |
0 |
|z Full text available from Research Library: 01/01/1992 to 10/31/2010
|u https://search.proquest.com/publication/48346
|